| 000 | 00435cam a22001457a 4500 | ||
|---|---|---|---|
| 999 |
_c511260 _d511260 |
||
| 008 | 180718b-- xxu||||| |||| 00| 0 eng d | ||
| 082 | _aA45:Z13 IARI/2018-19 | ||
| 100 |
_aIndian Agricultural Research Institute _910643 |
||
| 245 | _aAnnual report | ||
| 260 |
_aNew Delhi _bThe author _c-- |
||
| 300 | _a208p. | ||
| 500 | _aLibrary has 2010/11-2011/12, 2015-16,2018-19 | ||
| 650 |
_aAgricutural - Research - India _910644 |
||
| 942 | _2ddc | ||